Social and cultural background of labor-management relations in Asian countries : Proceedings of the 1971 Asian Regional Conference on Industrial Relations
Salvato in:
| Natura: | Libro |
|---|---|
| Lingua: | Undetermined |
| Pubblicazione: |
Tokyo
Japan Institute of Labour
1972
|
| Soggetti: | |
| Tags: |
Aggiungi Tag
Nessun Tag, puoi essere il primo ad aggiungerne! !
|
| Thư viện lưu trữ: | Trung tâm Học liệu Trường Đại học Cần Thơ |
|---|
| LEADER | 00587nam a2200181Ia 4500 | ||
|---|---|---|---|
| 001 | CTU_90139 | ||
| 008 | 210402s9999 xx 000 0 und d | ||
| 082 | |a 331 | ||
| 082 | |b S678 | ||
| 245 | 0 | |a Social and cultural background of labor-management relations in Asian countries : | |
| 245 | 0 | |b Proceedings of the 1971 Asian Regional Conference on Industrial Relations | |
| 260 | |a Tokyo | ||
| 260 | |b Japan Institute of Labour | ||
| 260 | |c 1972 | ||
| 650 | |a Industrial relations | ||
| 650 | |z Asia | ||
| 904 | |i Bằng,Hải | ||
| 980 | |a Trung tâm Học liệu Trường Đại học Cần Thơ | ||